LIBRARY & INFORMATION CENTRE, KCAET, TAVANUR

ONLINE PUBLIC ACCESS CATALOGUE (OPAC)

Normal view MARC view
  • Pandey H.

Entry Personal Name

Number of records used in: 1

001 - CONTROL NUMBER

  • control field: 1188

003 - CONTROL NUMBER IDENTIFIER

  • control field: OSt

005 - DATE AND TIME OF LATEST TRANSACTION

  • control field: 20160726141357.0

008 - FIXED-LENGTH DATA ELEMENTS

  • fixed length control field: 160726|| aca||aabn | a|a d

040 ## - CATALOGING SOURCE

  • Original cataloging agency: OSt
  • Transcribing agency: OSt

100 ## - HEADING--PERSONAL NAME

  • Personal name: Pandey H.

670 ## - SOURCE DATA FOUND

  • Source citation: Work cat.: (OSt): Sharma H.K. 983, Objective Questions and Answers in Biochemical Engineering, Biochemistry, Biotechnology and Microbiology, 2007
free website counter